Alvaro Ortega: Prearquitectura del Bienestar /

Textos publicados en el Unomásuno, México Canta, Punto, La Jornada, El Machete, Comunicación y Cultura, y La Regla Rota, sobre uno de los movimientos juveniles más importantes desde principios de los ochenta: el rock.

Αποθηκεύτηκε σε:
Λεπτομέρειες βιβλιογραφικής εγγραφής
Κύριος συγγραφέας: Carbonell, Galaor (ed.)
Μορφή: Βιβλίο
Γλώσσα:Ισπανικά
Έκδοση: Bogotá, Colombia : Escala, 1989
Θέματα:
Ετικέτες: Προσθήκη ετικέτας
Δεν υπάρχουν, Καταχωρήστε ετικέτα πρώτοι!

MARC

LEADER 00000nam^a2200000^a^4500
001 000022192
005 20250521000000.0
009 20260310084445.985
037 |a Acervo ITESO - Biblioteca 
041 |a ESP 
082 |a 720. 9  |b SOM V. 3 
100 |a Carbonell, Galaor  |e (ed.) 
245 1 0 |a Alvaro Ortega: Prearquitectura del Bienestar /  |c G. Carbonell (ed.). 
264 1 |a Bogotá, Colombia :  |b Escala,  |c 1989 
300 |a 269 p. 
336 |a texto  |b txt  |2 rdacontenido 
337 |a sin mediación  |b n  |2 rdamedio 
338 |a volumen  |b nc  |2 rdasoporte 
520 |a Textos publicados en el Unomásuno, México Canta, Punto, La Jornada, El Machete, Comunicación y Cultura, y La Regla Rota, sobre uno de los movimientos juveniles más importantes desde principios de los ochenta: el rock. 
649 |a XX 
650 |a Arquitectura Colombiana 
650 |a Arquitectos Colombianos 
910 |a Fondo General 
920 |a Impresos - Libros 
930 |a Reserva Especial 
905 |a 103 
901 |a 0221920100  |b IT1  |c REE  |i 022192  |u 20250521 
901 |a 0500009785  |b IT1  |c REE  |u 20250521 
902 |a https://opac.biblio.iteso.mx/vufind/Record/000022192